[Event "Verbandsliga Nordbaden 1718"]
[Site "Baden"]
[Date "2018.05.06"]
[Round "9.4"]
[White "Braun, Ruediger Thomas"]
[Black "Vinke, Andreas"]
[Result "0-1"]
[WhiteElo "1927"]
[BlackElo "2162"]
[PlyCount "66"]
[EventDate "2017.10.08"]
[EventType "team-tourn"]
[EventRounds "9"]
[EventCountry "GER"]
[SourceTitle "EXT 2019"]
[Source "ChessBase"]
[SourceDate "2018.10.10"]
[SourceVersion "1"]
[SourceVersionDate "2018.10.10"]
[SourceQuality "1"]
[WhiteTeam "Birkenfeld"]
[BlackTeam "Karlsruhe"]
[WhiteTeamCountry "GER"]
[BlackTeamCountry "GER"]

1. e4 e6 2. d4 d5 3. Nd2 h6 4. e5 c5 5. c3 Nc6 6. Ngf3 Bd7 7. Be2 Qc7 8. 0-0 0-0-0 9. Nb3 c4 10. Nbd2 f6 11. b3 cxb3 12. exf6 Nxf6 13. axb3 Kb8 14. b4 b6 15. b5 Na5 16. Nb3 Nc4 17. Nbd2 Rc8 18. Nxc4 dxc4 19. Qa4 Bd6 20. Bxc4 a5 21. Bb3 Ne4 22. Bb2 Nxc3 23. Bxc3 Qxc3 24. Rfb1 Rhf8 25. Bd1 Rf4 26. Rb3 Qc4 27. Qa2 Bxb5 28. Nd2 Qxd4 29. Bf3 Bb4 30. Rxb4 Qxb4 31. Qxe6 Rf6 32. Qe5+ Ka7 33. Rb1 Qxb1+ 0-1

[Event "Stuttgart-chA op"]
[Site "Ditzingen"]
[Date "2015.05.17"]
[Round "7"]
[White "Braun, Ruediger Thomas"]
[Black "Quernheim, Daniel"]
[Result "0-1"]
[WhiteElo "1940"]
[BlackElo "2029"]
[PlyCount "46"]
[EventDate "2015.05.14"]
[EventType "swiss"]
[EventRounds "7"]
[EventCountry "GER"]
[SourceTitle "EXT 2018"]
[Source "ChessBase"]
[SourceDate "2017.10.13"]
[SourceVersion "1"]
[SourceVersionDate "2017.10.13"]
[SourceQuality "1"]

1. e4 Nf6 2. Nc3 d5 3. exd5 Nxd5 4. Bc4 c6 5. Qf3 e6 6. Nge2 Nd7 7. 0-0 Ne5 8. Qe4 Bd6 9. Bxd5 exd5 10. Qe3 0-0 11. h3 Re8 12. d4 Ng6 13. Qf3 Re6 14. Qh5 h6 15. Bd2 Rf6 16. f4 Rf5 17. Qf3 Nh4 18. Qe3 Rf6 19. g4 h5 20. Qf2 Rg6 21. Be1 Nf5 22. Qg2 Ne3 23. Qf3 Nxf1 0-1

[Event "Novi Sad op"]
[Site "Novi Sad"]
[Date "2015.04.09"]
[Round "6"]
[White "Jakovljevic, Zdravko"]
[Black "Braun, Ruediger Thomas"]
[Result "0-1"]
[WhiteElo "1636"]
[BlackElo "1921"]
[PlyCount "46"]
[EventDate "2015.04.05"]
[EventType "swiss"]
[EventRounds "9"]
[EventCountry "SRB"]
[SourceTitle "CBM 166 Extra"]
[Source "ChessBase"]
[SourceDate "2015.06.18"]
[SourceVersion "1"]
[SourceVersionDate "2015.06.18"]
[SourceQuality "1"]

1. Nf3 c5 2. g3 Nc6 3. d4 cxd4 4. Nxd4 g6 5. Bg2 Bg7 6. c3 Nf6 7. 0-0 0-0 8. Bg5 Qc7 9. e4 a6 10. Nd2 d6 11. Rc1 Bg4 12. Qc2 Rac8 13. Qb1 Qa5 14. Be3 Qh5 15. h4 Qa5 16. Nc4 Qc7 17. Nd2 Ne5 18. b3 Nfd7 19. f3 Bh5 20. g4 Bxg4 21. fxg4 Nxg4 22. Bf2 d5 23. exd5 Qh2# 0-1

[Event "Verbandsliga Nordbaden 1415"]
[Site "Baden"]
[Date "2015.01.25"]
[Round "5.2"]
[White "Pfleger, Michael"]
[Black "Braun, Ruediger Thomas"]
[Result "1-0"]
[WhiteElo "2207"]
[BlackElo "1976"]
[PlyCount "109"]
[EventDate "2014.10.12"]
[EventType "team-tourn"]
[EventRounds "9"]
[EventCountry "GER"]
[SourceTitle "EXT 2022"]
[Source "ChessBase"]
[SourceDate "2021.10.06"]
[SourceVersion "1"]
[SourceVersionDate "2021.10.06"]
[SourceQuality "1"]
[WhiteTeam "Bad Mergentheim II"]
[BlackTeam "Birkenfeld"]
[WhiteTeamCountry "GER"]
[BlackTeamCountry "GER"]

1. e4 c5 2. a3 d6 3. b4 Nf6 4. Nc3 Nc6 5. b5 Nd4 6. Bc4 g6 7. Nge2 Bg7 8. Rb1 0-0 9. 0-0 b6 10. Nxd4 cxd4 11. Nd5 Bb7 12. d3 Qd7 13. Bg5 Nxd5 14. exd5 e5 15. dxe6 fxe6 16. Qe2 Rae8 17. Rfe1 d5 18. Ba2 Kh8 19. Qg4 Rf5 20. Re2 e5 21. h4 e4 22. Rb4 Ref8 23. h5 gxh5 24. Qh4 Be5 25. Bh6 R8f6 26. f4 Bxf4 27. dxe4 dxe4 28. Bxf4 Rxf4 29. Qg3 Rf1+ 30. Kh2 Qd6 31. Qxd6 Rxd6 32. Bc4 Rf4 33. Bb3 e3 34. Rxe3 Rh4+ 35. Rh3 Rg4 36. Rg3 Rdg6 37. Rxg4 Rxg4 38. g3 h4 39. gxh4 Rxh4+ 40. Kg3 Re4 41. Bc4 Re3+ 42. Kf4 Rxa3 43. Bd3 Rc3 44. Rxd4 Rc7 45. Ke5 Kg7 46. Kd6 Rc5 47. Ra4 Bf3 48. Rxa7+ Kf6 49. Rxh7 Bd1 50. Rc7 Rh5 51. Kc6 Ke5 52. Kxb6 Kd6 53. Rc6+ Kd7 54. c4 Bf3 55. Rg6 1-0

[Event "Verbandsliga Nordbaden 1415"]
[Site "Baden"]
[Date "2014.12.14"]
[Round "4.2"]
[White "Braun, Ruediger Thomas"]
[Black "Loukanov, Tsvetomir"]
[Result "0-1"]
[WhiteElo "1976"]
[BlackElo "2218"]
[PlyCount "80"]
[EventDate "2014.10.12"]
[EventType "team-tourn"]
[EventRounds "9"]
[EventCountry "GER"]
[SourceTitle "EXT 2022"]
[Source "ChessBase"]
[SourceDate "2021.10.06"]
[SourceVersion "1"]
[SourceVersionDate "2021.10.06"]
[SourceQuality "1"]
[WhiteTeam "Birkenfeld"]
[BlackTeam "Buchen II"]
[WhiteTeamCountry "GER"]
[BlackTeamCountry "GER"]

1. e4 d6 2. d4 Nf6 3. Bd3 g6 4. Ne2 Bg7 5. 0-0 0-0 6. Be3 a6 7. c3 b5 8. a4 Bb7 9. f3 c6 10. Qb3 Nbd7 11. Nd2 Qc7 12. Rfc1 e5 13. Qa2 d5 14. b4 Kh8 15. a5 h6 16. Qc2 Rae8 17. Ng3 dxe4 18. Ndxe4 Nd5 19. Bf2 f5 20. Nc5 Nxc5 21. bxc5 h5 22. Re1 Bc8 23. Qd2 Kh7 24. c4 Nf4 25. Bf1 exd4 26. Rxe8 Rxe8 27. Re1 Rxe1 28. Qxe1 h4 29. Ne2 Nd3 30. Qd2 Nxf2 31. Kxf2 bxc4 32. Qg5 Qxh2 33. Qd8 Be6 34. Nxd4 Qg3+ 35. Kg1 Bd5 36. Ne2 Qe1 37. Qb6 h3 38. Qc7 Qh4 39. Qh2 c3 40. g3 Bd4+ 0-1

[Event "Stuttgart-chA int"]
[Site "Ditzingen"]
[Date "2014.05.30"]
[Round "4"]
[White "Braun, Ruediger Thomas"]
[Black "Schmidt, Markus"]
[Result "0-1"]
[WhiteElo "1935"]
[BlackElo "1904"]
[PlyCount "80"]
[EventDate "2014.05.29"]
[EventType "swiss"]
[EventRounds "7"]
[EventCountry "GER"]
[SourceTitle "EXT 2015"]
[Source "ChessBase"]
[SourceDate "2014.11.20"]
[SourceVersion "1"]
[SourceVersionDate "2014.11.20"]
[SourceQuality "1"]

1. e4 d6 2. d4 Nf6 3. Bd3 Nc6 4. c3 e5 5. d5 Nb8 6. Ne2 g6 7. 0-0 Bg7 8. Nd2 Nbd7 9. Ng3 0-0 10. Nf3 Nc5 11. Bg5 h6 12. Be3 Nxd3 13. Qxd3 Ng4 14. Bc1 f5 15. h3 f4 16. Ne2 Nf6 17. c4 g5 18. Nh2 h5 19. Kh1 g4 20. Ng1 Qe8 21. Re1 Qg6 22. f3 Rf7 23. Bd2 Bf8 24. Rac1 Rg7 25. Qe2 Qg5 26. Rc2 Qh4 27. Rec1 gxh3 28. Be1 Rg3 29. Qf1 hxg2+ 30. Rxg2 Qg5 31. Rcc2 h4 32. Qf2 Bd7 33. Nf1 Nh5 34. Rh2 Be7 35. b4 Kf7 36. Ne2 Rg8 37. Rc1 Bh3 38. Rxh3 Rxh3+ 39. Nh2 Ng3+ 40. Kg2 Nxe4+ 0-1

[Event "Deizisau op 8th"]
[Site "Deizisau"]
[Date "2013.10.26"]
[Round "1"]
[White "Braun, Ruediger Thomas"]
[Black "Ninov, Nikolai"]
[Result "1/2-1/2"]
[WhiteElo "1962"]
[BlackElo "2466"]
[PlyCount "69"]
[EventDate "2013.10.26"]
[EventType "swiss"]
[EventRounds "7"]
[EventCountry "GER"]
[SourceTitle "EXT 2014"]
[Source "ChessBase"]
[SourceDate "2013.11.20"]
[SourceVersion "1"]
[SourceVersionDate "2013.11.20"]
[SourceQuality "1"]

1. e4 c5 2. d4 cxd4 3. c3 dxc3 4. Nxc3 Nc6 5. Nf3 d6 6. Bc4 a6 7. 0-0 Nf6 8. h3 e6 9. Qe2 b5 10. Bb3 Bb7 11. Rd1 Nd7 12. Bf4 Qb8 13. Qd2 Nc5 14. Bc2 Qc7 15. Rac1 Rd8 16. b4 Nd7 17. a4 bxa4 18. b5 Nce5 19. Nxe5 dxe5 20. Be3 Be7 21. Bxa4 0-0 22. bxa6 Nc5 23. Qa2 Bxa6 24. Bb5 Rxd1+ 25. Rxd1 Nxe4 26. Qxa6 Qxc3 27. Bd3 Nf6 28. Rc1 Qa3 29. Qc4 Nd5 30. Qe4 f5 31. Qxe5 Qxd3 32. Bd4 Bf6 33. Qxe6+ Kh8 34. Rc8 Qa3 35. Rxf8+ 1/2-1/2

[Event "Split op 3rd"]
[Site "Split"]
[Date "2013.08.10"]
[Round "1"]
[White "Kadric, Denis"]
[Black "Braun, Ruediger Thomas"]
[Result "1-0"]
[WhiteElo "2458"]
[BlackElo "1971"]
[PlyCount "50"]
[EventDate "2013.08.10"]
[EventType "swiss"]
[EventRounds "9"]
[EventCountry "CRO"]
[SourceTitle "CBM 155 Extra"]
[Source "ChessBase"]
[SourceDate "2013.08.26"]
[SourceVersion "1"]
[SourceVersionDate "2013.08.26"]
[SourceQuality "1"]

1. e4 c5 2. Nc3 Nc6 3. Bb5 Nd4 4. Nf3 a6 5. Bd3 Nxf3+ 6. Qxf3 g6 7. 0-0 Bg7 8. b3 d6 9. Bb2 e6 10. Rae1 Ne7 11. Nd1 e5 12. Qg3 b5 13. f4 Nc6 14. f5 Qa5 15. Ne3 Ra7 16. Bc3 b4 17. Bb2 Bh6 18. Qh4 Bg7 19. Rf2 Qd8 20. Qh3 Qg5 21. Nc4 Bf8 22. Nb6 Qd8 23. Nxc8 Qxc8 24. Bc4 Bg7 25. f6 Nb8 1-0

[Event "Baden-ch"]
[Site "Birkenfeld"]
[Date "2013.06.01"]
[Round "8"]
[White "Braun, Ruediger Thomas"]
[Black "Linder, Oliver"]
[Result "1/2-1/2"]
[WhiteElo "1981"]
[BlackElo "1998"]
[PlyCount "92"]
[EventDate "2013.05.26"]
[EventType "swiss"]
[EventRounds "9"]
[EventCountry "GER"]
[SourceTitle "EXT 2014"]
[Source "ChessBase"]
[SourceDate "2013.11.20"]
[SourceVersion "1"]
[SourceVersionDate "2013.11.20"]
[SourceQuality "1"]

1. e4 e6 2. d4 d5 3. Nd2 Be7 4. Bd3 Nc6 5. Ne2 dxe4 6. Nxe4 Nf6 7. 0-0 Nb4 8. Nxf6+ Bxf6 9. Be4 Nd5 10. Qd3 Ne7 11. Rd1 Ng6 12. Bxb7 Bxb7 13. Qb5+ Qd7 14. Qxb7 0-0 15. Qe4 Rab8 16. b3 Rfd8 17. Ba3 e5 18. d5 Qb5 19. Nc3 Qa5 20. Na4 Nf4 21. c4 h6 22. Bc5 Qa6 23. Re1 Qa5 24. Rad1 Rdc8 25. Qe3 Bg5 26. Qe4 Re8 27. g3 Ng6 28. h4 Be7 29. Be3 Bb4 30. Re2 Rf8 31. Qg4 Kh7 32. h5 Nh8 33. Qf5+ Kg8 34. Qxe5 Rfe8 35. Qd4 f6 36. Rc2 a6 37. Bxh6 gxh6 38. Qxf6 Bf8 39. Rd4 Qe1+ 40. Kg2 Bg7 41. Rg4 Qe7 42. Qxh6 Rf8 43. Qd2 Qf6 44. h6 Qf3+ 45. Kg1 Qxg4 46. hxg7 Kxg7 1/2-1/2

[Event "Baden-ch"]
[Site "Birkenfeld"]
[Date "2013.05.31"]
[Round "6"]
[White "Zieger, Bernd"]
[Black "Braun, Ruediger Thomas"]
[Result "0-1"]
[WhiteElo "2013"]
[BlackElo "1981"]
[PlyCount "115"]
[EventDate "2013.05.26"]
[EventType "swiss"]
[EventRounds "9"]
[EventCountry "GER"]
[SourceTitle "EXT 2014"]
[Source "ChessBase"]
[SourceDate "2013.11.20"]
[SourceVersion "1"]
[SourceVersionDate "2013.11.20"]
[SourceQuality "1"]

1. e4 e5 2. Nf3 Nc6 3. Bc4 Nf6 4. Ng5 Bc5 5. Bxf7+ Ke7 6. Bd5 Rf8 7. 0-0 Qe8 8. c3 d6 9. Bxc6 bxc6 10. d4 Bb6 11. Be3 Ng4 12. h3 Nxe3 13. fxe3 Rxf1+ 14. Qxf1 Qg6 15. h4 h6 16. Nf3 Qxe4 17. Nbd2 Qg6 18. e4 Bg4 19. Kh1 Rf8 20. dxe5 Qh5 21. exd6+ cxd6 22. e5 d5 23. Qe2 g5 24. e6 gxh4 25. Qe5 Qxe5 26. Nxe5 Rf2 27. Nxg4 Rxd2 28. Nxh6 Bf2 29. Rb1 Kxe6 30. Ng4 Kf5 31. Nxf2 Rxf2 32. Kg1 Rc2 33. Rf1+ Ke4 34. Rf6 Rxb2 35. Rxc6 Rxa2 36. Rh6 Kd3 37. Rd6 Kc4 38. Rc6+ Kb3 39. Rc7 a5 40. Rc5 a4 41. Rxd5 Kxc3 42. Rh5 Rd2 43. Rxh4 Rd4 44. Rh8 a3 45. Rc8+ Kb3 46. Rb8+ Rb4 47. Re8 a2 48. Re1 Ka4 49. Kf2 Rb1 50. Re8 Kb4 51. Ra8 a1Q 52. Rxa1 Rxa1 53. Kf3 Kc5 54. Kf4 Kd6 55. Kf5 Ke7 56. g4 Kf7 57. Kg5 Kg7 58. Kf5 0-1

[Event "Baden-ch"]
[Site "Birkenfeld"]
[Date "2013.05.30"]
[Round "5"]
[White "Braun, Ruediger Thomas"]
[Black "Maehrlein, Christoph"]
[Result "0-1"]
[WhiteElo "1981"]
[BlackElo "2115"]
[PlyCount "52"]
[EventDate "2013.05.26"]
[EventType "swiss"]
[EventRounds "9"]
[EventCountry "GER"]
[SourceTitle "EXT 2014"]
[Source "ChessBase"]
[SourceDate "2013.11.20"]
[SourceVersion "1"]
[SourceVersionDate "2013.11.20"]
[SourceQuality "1"]

1. e4 d6 2. d4 Nf6 3. Nc3 g6 4. f4 Bg7 5. Nf3 c5 6. Be3 Qa5 7. Qd2 0-0 8. h3 cxd4 9. Nxd4 a6 10. 0-0-0 b5 11. Nb3 Qc7 12. g4 Bb7 13. Bg2 Nbd7 14. Bf3 Rfc8 15. h4 b4 16. Nd5 Nxd5 17. exd5 a5 18. Kb1 Nb6 19. Bxb6 Qxb6 20. h5 Rc4 21. hxg6 hxg6 22. Be2 Rc7 23. Rh3 Rac8 24. Bd3 a4 25. Nc1 Qd4 26. c3 bxc3 0-1

[Event "Split op 2nd"]
[Site "Split"]
[Date "2012.08.18"]
[Round "8"]
[White "Foglia, Maurizio"]
[Black "Braun, Ruediger Thomas"]
[Result "1-0"]
[WhiteElo "2204"]
[BlackElo "1990"]
[PlyCount "51"]
[EventDate "2012.08.11"]
[EventType "swiss"]
[EventRounds "9"]
[EventCountry "CRO"]
[SourceTitle "CBM 149 Extra"]
[Source "ChessBase"]
[SourceDate "2012.08.24"]
[SourceVersion "1"]
[SourceVersionDate "2012.08.24"]
[SourceQuality "1"]

1. d4 Nf6 2. Nf3 e6 3. c4 b6 4. g3 Bb7 5. Bg2 Be7 6. 0-0 0-0 7. Nc3 d5 8. Ne5 Nbd7 9. cxd5 exd5 10. Qa4 Nxe5 11. dxe5 Nd7 12. Nxd5 Nc5 13. Qd1 c6 14. Nxe7+ Qxe7 15. f4 Rfd8 16. Qc2 Ne6 17. Be3 c5 18. Bxb7 Qxb7 19. Rfd1 h5 20. h4 Rd5 21. Rxd5 Qxd5 22. Qd3 Qc6 23. Rd1 Rd8 24. Qc2 Rxd1+ 25. Qxd1 Qb5 26. b3 1-0

[Event "Split op 2nd"]
[Site "Split"]
[Date "2012.08.13"]
[Round "3"]
[White "Braun, Ruediger Thomas"]
[Black "Dragomirescu, Calin"]
[Result "1/2-1/2"]
[WhiteElo "1990"]
[BlackElo "2196"]
[PlyCount "77"]
[EventDate "2012.08.11"]
[EventType "swiss"]
[EventRounds "9"]
[EventCountry "CRO"]
[SourceTitle "CBM 149 Extra"]
[Source "ChessBase"]
[SourceDate "2012.08.24"]
[SourceVersion "1"]
[SourceVersionDate "2012.08.24"]
[SourceQuality "1"]

1. e4 g6 2. d4 Bg7 3. f4 c5 4. c3 cxd4 5. cxd4 Qb6 6. Nf3 Nc6 7. e5 d6 8. Nc3 Bg4 9. Bb5 e6 10. d5 dxe5 11. dxc6 bxc6 12. Be2 exf4 13. Qd6 Ne7 14. Qxf4 h5 15. Ne4 Nf5 16. Nd6+ Nxd6 17. Qxd6 Rd8 18. Qa3 Bf8 19. Qe3 Qb4+ 20. Kf1 Bg7 21. Qb3 Qd6 22. Bg5 Rb8 23. Rd1 Qc7 24. Qc4 0-0 25. b3 Qa5 26. Be7 Rfe8 27. b4 Qa4 28. Bc5 a5 29. Kf2 axb4 30. Rb1 Ra8 31. Rxb4 Qxa2 32. Qe4 Qd5 33. Rc1 Ra2 34. Be3 Bf6 35. Qxd5 exd5 36. Rxc6 Bh4+ 37. Kg1 d4 38. Nxd4 Bxe2 39. Nxe2 1/2-1/2

[Event "Verbandsliga Nord Baden 0910"]
[Site "Baden"]
[Date "2011.02.13"]
[Round "6.3"]
[White "Braun, Ruediger Thomas"]
[Black "Bogdanovich, Grigory Grigorievic"]
[Result "1-0"]
[WhiteElo "2041"]
[BlackElo "2337"]
[PlyCount "55"]
[EventDate "2010.10.17"]
[EventType "team-tourn"]
[EventRounds "9"]
[EventCountry "GER"]
[SourceTitle "EXT 2012"]
[Source "ChessBase"]
[SourceDate "2011.11.24"]
[SourceVersion "1"]
[SourceVersionDate "2011.11.24"]
[SourceQuality "1"]
[WhiteTeam "Birkenfeld"]
[BlackTeam "Bad Mergentheim"]
[WhiteTeamCountry "GER"]
[BlackTeamCountry "GER"]

1. e4 c5 2. Nf3 Nf6 3. e5 Nd5 4. Nc3 Nxc3 5. dxc3 Nc6 6. Bf4 h6 7. h4 Qb6 8. b3 Qa5 9. Qd3 e6 10. Nd2 b5 11. Be2 a6 12. h5 Bb7 13. 0-0 Qc7 14. Bf3 Rd8 15. Qe3 Ne7 16. Bxb7 Qxb7 17. Ne4 Nd5 18. Qf3 c4 19. Rad1 Be7 20. Rfe1 Qc6 21. Qg3 Nxf4 22. Qxg7 Rf8 23. Rd6 Qa8 24. Qxh6 f5 25. exf6 Bxf6 26. Qxf4 Bxc3 27. Qh6 Bxe1 28. Rxe6+ 1-0

[Event "Staufer op 23rd"]
[Site "Leinzell"]
[Date "2011.01.03"]
[Round "4"]
[White "Braun, Ruediger Thomas"]
[Black "Dirr, Ulrich"]
[Result "0-1"]
[WhiteElo "2041"]
[BlackElo "2250"]
[PlyCount "48"]
[EventDate "2011.01.02"]
[EventType "swiss"]
[EventRounds "9"]
[EventCountry "GER"]
[SourceTitle "CBM 140 Extra"]
[Source "ChessBase"]
[SourceDate "2011.03.01"]
[SourceVersion "1"]
[SourceVersionDate "2011.03.01"]
[SourceQuality "1"]

1. e4 e6 2. d4 d5 3. Nd2 Be7 4. Bd3 c5 5. dxc5 Nf6 6. exd5 Qxd5 7. Ngf3 Bxc5 8. 0-0 Nc6 9. Qe2 0-0 10. Ne4 Be7 11. a3 Rd8 12. Bg5 Nxe4 13. Bxe4 Nd4 14. Nxd4 Qxg5 15. Rad1 Rb8 16. Rd3 Bd7 17. Rfd1 Be8 18. Qf3 f5 19. Bxf5 exf5 20. Ne6 Rxd3 21. Qxd3 Qf6 22. Qc4 Bf7 23. Qc7 Re8 24. Nf4 Bd6 0-1

[Event "Stuttgart-chA int"]
[Site "Ditzingen"]
[Date "2010.05.14"]
[Round "4"]
[White "Braun, Ruediger Thomas"]
[Black "Rempeli, Alexander"]
[Result "1/2-1/2"]
[WhiteElo "1988"]
[BlackElo "1807"]
[PlyCount "92"]
[EventDate "2010.05.13"]
[EventType "swiss"]
[EventRounds "7"]
[EventCountry "GER"]
[SourceTitle "EXT 2018"]
[Source "ChessBase"]
[SourceDate "2017.10.13"]
[SourceVersion "1"]
[SourceVersionDate "2017.10.13"]
[SourceQuality "1"]

1. e4 e6 2. d4 d5 3. Nd2 Nf6 4. e5 Nfd7 5. Bd3 c5 6. c3 Nc6 7. Ne2 cxd4 8. cxd4 f6 9. Nf4 Nxd4 10. Qh5+ Ke7 11. exf6+ Nxf6 12. Ng6+ hxg6 13. Qxh8 Kf7 14. Qh4 e5 15. Nf3 Nxf3+ 16. gxf3 Bf5 17. Bxf5 gxf5 18. Bg5 Rc8 19. 0-0 Rc4 20. Qh3 Qd7 21. Rac1 Rxc1 22. Rxc1 b6 23. Bxf6 Kxf6 24. Qf1 Bc5 25. a3 a5 26. Qa6 Qe6 27. Qb7 Qf7 28. Qc6+ Kg5 29. Kg2 Kh5 30. Rg1 Qg6+ 31. Qxg6+ Kxg6 32. Kf1+ Kf6 33. Ke2 g5 34. a4 Bd4 35. b3 Bc5 36. Rg2 e4 37. h3 Be7 38. fxe4 fxe4 39. f3 Ke5 40. fxe4 dxe4 41. Rg4 Kd4 42. Rg3 Bf6 43. Kd2 Be5 44. Rg4 Bf6 45. Ke2 Be7 46. Rg3 Ke5 1/2-1/2

[Event "Stuttgart-chA int"]
[Site "Ditzingen"]
[Date "2010.05.14"]
[Round "3"]
[White "Lerner, Juergen"]
[Black "Braun, Ruediger Thomas"]
[Result "1/2-1/2"]
[WhiteElo "1884"]
[BlackElo "1988"]
[PlyCount "68"]
[EventDate "2010.05.13"]
[EventType "swiss"]
[EventRounds "7"]
[EventCountry "GER"]
[SourceTitle "EXT 2018"]
[Source "ChessBase"]
[SourceDate "2017.10.13"]
[SourceVersion "1"]
[SourceVersionDate "2017.10.13"]
[SourceQuality "1"]

1. d4 d5 2. c4 Nc6 3. e3 Nf6 4. Nc3 e6 5. Nf3 Be7 6. Bd3 0-0 7. e4 dxc4 8. Bxc4 Bb4 9. Bg5 h6 10. Bxf6 Qxf6 11. e5 Qd8 12. 0-0 Ne7 13. Qe2 c5 14. Rfd1 Bxc3 15. bxc3 Qc7 16. Bd3 g6 17. Nd2 Bd7 18. Ne4 Ba4 19. Rdc1 b6 20. Nd6 Rad8 21. Qe3 Kh7 22. Ne4 c4 23. Nf6+ Kg7 24. Be4 Bc6 25. Ng4 Rh8 26. Bxc6 Qxc6 27. Qf4 Nd5 28. Qf3 Qc7 29. Nf6 Qe7 30. Ne4 Rd7 31. Nd6 Rc7 32. a4 Qd7 33. Rcb1 Rhc8 34. a5 Rc6 1/2-1/2

[Event "Stuttgart-chA int"]
[Site "Ditzingen"]
[Date "2010.05.13"]
[Round "2"]
[White "Braun, Ruediger Thomas"]
[Black "Schembera, Joerg"]
[Result "1/2-1/2"]
[WhiteElo "1988"]
[BlackElo "1854"]
[PlyCount "120"]
[EventDate "2010.05.13"]
[EventType "swiss"]
[EventRounds "7"]
[EventCountry "GER"]
[SourceTitle "EXT 2018"]
[Source "ChessBase"]
[SourceDate "2017.10.13"]
[SourceVersion "1"]
[SourceVersionDate "2017.10.13"]
[SourceQuality "1"]

1. e4 c5 2. Nf3 d6 3. d4 cxd4 4. Nxd4 Nf6 5. Nc3 g6 6. Bg5 Bg7 7. Qd2 h6 8. Bh4 g5 9. Bg3 Qb6 10. 0-0-0 Nh5 11. Nd5 Qxd4 12. Qxd4 Bxd4 13. Nc7+ Kd8 14. Nxa8 Nxg3 15. fxg3 Nc6 16. Bb5 Bg4 17. Rd3 Be2 18. Rb3 Bxb5 19. Rxb5 Kc8 20. c3 Be5 21. Rf1 Rf8 22. Kc2 Kb8 23. Nb6 axb6 24. Rxb6 e6 25. Kd3 Kc7 26. Rb5 f6 27. g4 Bxh2 28. Rh1 Bf4 29. Rxh6 Rf7 30. Rb3 Ne5+ 31. Ke2 Nxg4 32. Rh8 f5 33. Rb4 Nf6 34. Rc4+ Kb6 35. exf5 exf5 36. Rb4+ Kc7 37. Rc4+ Kb6 38. Ra8 Re7+ 39. Kd1 Nd5 40. Rcc8 Ne3+ 41. Ke2 Nxg2+ 42. Kf2 Ne3 43. Ra3 Rc7 44. Rd8 Rc5 45. Rb8 Kc7 46. Rf8 Nd1+ 47. Ke1 Nxb2 48. Rf7+ Kc6 49. Rb3 Nd3+ 50. Kf1 b6 51. c4 Nc1 52. Ra3 Ra5 53. Rxa5 bxa5 54. Rxf5 Kb6 55. Rb5+ Ka6 56. Rb2 Nd3 57. Rb3 Ne5 58. Rc3 Kb6 59. Rb3+ Ka6 60. Rc3 Kb6 1/2-1/2

[Event "Seefeld op 20th"]
[Site "Seefeld"]
[Date "2009.10.02"]
[Round "9"]
[White "Braun, Joachim"]
[Black "Braun, Ruediger Thomas"]
[Result "1-0"]
[WhiteElo "2138"]
[BlackElo "1980"]
[PlyCount "71"]
[EventDate "2009.09.24"]
[EventType "swiss"]
[EventRounds "9"]
[EventCountry "AUT"]
[SourceTitle "EXT 2012"]
[Source "ChessBase"]
[SourceDate "2011.11.24"]
[SourceVersion "1"]
[SourceVersionDate "2011.11.24"]
[SourceQuality "1"]

1. d4 Nf6 2. Nf3 e6 3. g3 b6 4. Bg2 Bb7 5. 0-0 Be7 6. c4 0-0 7. Nc3 Ne4 8. Bd2 Qc8 9. d5 Nxd2 10. Qxd2 Bf6 11. e4 d6 12. Bh3 Re8 13. Nd4 Bxd4 14. Qxd4 Nd7 15. f4 Qd8 16. Rae1 e5 17. Qf2 exf4 18. gxf4 Bc8 19. Qg3 Nc5 20. Bxc8 Rxc8 21. b4 Nd7 22. e5 Nf8 23. Nb5 Qd7 24. Nd4 dxe5 25. fxe5 c5 26. Nf5 Ng6 27. Nd6 cxb4 28. Rxf7 Qa4 29. Nxc8 Rxc8 30. Rf2 Rxc4 31. e6 Rc8 32. d6 b3 33. d7 Rd8 34. Qg5 Ne7 35. Qxe7 Qg4+ 36. Kh1 1-0

[Event "Seefeld op 20th"]
[Site "Seefeld"]
[Date "2009.09.29"]
[Round "6"]
[White "Braun, Ruediger Thomas"]
[Black "Stark, Ingo"]
[Result "0-1"]
[WhiteElo "1980"]
[BlackElo "2153"]
[PlyCount "118"]
[EventDate "2009.09.24"]
[EventType "swiss"]
[EventRounds "9"]
[EventCountry "AUT"]
[SourceTitle "EXT 2012"]
[Source "ChessBase"]
[SourceDate "2011.11.24"]
[SourceVersion "1"]
[SourceVersionDate "2011.11.24"]
[SourceQuality "1"]

1. e4 c5 2. Nf3 d6 3. d4 cxd4 4. Nxd4 Nf6 5. Nc3 a6 6. Bc4 e6 7. 0-0 b5 8. Bd3 Bb7 9. Qf3 Nbd7 10. Bg5 Ne5 11. Qg3 Be7 12. Rfe1 0-0 13. Rad1 Rc8 14. Nf3 Nh5 15. Qh3 Bxg5 16. Qxh5 Bf6 17. Re3 g6 18. Qh3 Nxf3+ 19. Rxf3 Bxc3 20. bxc3 Rxc3 21. Rf4 Kg7 22. Rh4 Rh8 23. Rg4 Qf6 24. Qe3 h5 25. Rg3 Qe5 26. Qb6 Rb8 27. Qa7 Rcc8 28. Qe3 Qc5 29. Qf4 Rc7 30. Rg5 Qd4 31. Qg3 Rc5 32. Rxc5 Qxc5 33. Be2 Rd8 34. e5 Qxc2 35. Bxh5 Bd5 36. exd6 Qc6 37. Qe5+ Kh7 38. Qf4 Kg7 39. Qe5+ Kg8 40. Qf6 Rd7 41. h4 Qxd6 42. Rc1 Bc4 43. Bf3 Qd4 44. Qg5 Qd2 45. a4 Qxg5 46. hxg5 Rc7 47. Be2 Kf8 48. f4 Ke7 49. axb5 axb5 50. Kf2 Kd6 51. Rd1+ Kc5 52. Rc1 Kd4 53. g3 Ra7 54. Rc2 Bxe2 55. Kxe2 b4 56. Rc8 b3 57. Rd8+ Kc3 58. Rc8+ Kb2 59. Kd3 Ka2 0-1

[Event "Baden-ch op"]
[Site "Badenweiler"]
[Date "2009.06.05"]
[Round "6"]
[White "Braun, Ruediger Thomas"]
[Black "Wielsch, Klaus"]
[Result "0-1"]
[WhiteElo "1956"]
[BlackElo "2144"]
[PlyCount "61"]
[EventDate "2009.06.01"]
[EventType "swiss"]
[EventRounds "9"]
[EventCountry "GER"]
[SourceTitle "EXT 2010"]
[Source "ChessBase"]
[SourceDate "2010.11.25"]
[SourceVersion "1"]
[SourceVersionDate "2010.11.25"]
[SourceQuality "1"]

1. e4 e6 2. d4 d5 3. Nd2 Nf6 4. e5 Nfd7 5. Bd3 c5 6. c3 Nc6 7. Ne2 cxd4 8. cxd4 f6 9. Nf4 Nxd4 10. Qh5+ Ke7 11. Ng6+ hxg6 12. exf6+ Nxf6 13. Qxh8 Kf7 14. Qh4 e5 15. Nf3 Nxf3+ 16. gxf3 Bf5 17. Bxf5 gxf5 18. 0-0 g6 19. Bg5 Be7 20. Kh1 Qh8 21. Rfd1 Qxh4 22. Bxh4 Ke6 23. Rac1 d4 24. Rc7 Nd5 25. Rxe7+ Nxe7 26. f4 Nc6 27. fxe5 Kxe5 28. Kg2 Kd5 29. Kf3 Re8 30. Kf4 Re4+ 31. Kg3 0-1